| 000 | 00000nam##2200000za#4500 |
| 001 | 9.626354 |
| 003 | CaOODSP |
| 005 | 20200327185855 |
| 007 | ta |
| 008 | 150406|2003||||xxc||||| f|0| 0 fre|d |
| 022 | |a0706-6570 |
| 040 | |aCaOODSP|bfre |
| 043 | |an-cn--- |
| 086 | 1 |aFs97-6/2462F |
| 110 | 1 |aCanada. |bMinistère des pêches et des océans. |
| 245 | 10|aProgramme de recherche multidisciplinaire sur le sébaste (1995-1998) : |brapport final / |cDominique Gascon, éditeur. |
| 260 | |aOttawa - Ontario : |bPêches et Océans Canada |c2003. |
| 300 | |axiv, 152p. : |bgraphiques, références, tableaux ; |c28 cm. |
| 490 | 1 |aRapport technique canadien des sciences halieutiques et aquatiques|x0706-6570|v2462 |
| 500 | |a«Ministère des Pêches et des Océans, Institut Maurice-Lamontagne, 850, route de la Mer, C.P. 1000, Mont-Jolie (Québec), G5H 3Z4 Canada». |
| 546 | |a(Abstract in English.) |
| 563 | |aCouverture souple |
| 590 | |a03-39|b2003-09-26 |
| 691 | 07|aÉcosystème marin|2gcpds |
| 691 | 07|aCrustacé|2gcpds |
| 691 | 07|aInventaire|2gcpds |
| 720 | 1 |aGauthier, Pierre |
| 720 | 1 |aPelletier, Line |
| 775 | 08|tRedfish Multidisciplinary Research Zonal Program (1995-1998) : |w(CaOODSP)9.616478 |
| 776 | 0#|tProgramme de recherche multidisciplinaire sur le sébaste (1995-1998) : |w(CaOODSP)9.604044 |
| 830 | #0|aRapport technique canadien des sciences halieutiques et aquatiques,|x0706-6570|v2462|w(CaOODSP)9.513015 |